[Event "33. Open Ciutat de Badalona 2007"]
[Site "Badalona ESP"]
[Date "2007.08.04"]
[Round "3.7"]
[White "Aroshidze, Levan"]
[Black "Lettieri, Giuseppe"]
[Result "1-0"]
[WhiteElo "2470"]
[BlackElo "2293"]
[PlyCount "59"]
[EventDate "2007.08.02"]
[EventType "swiss"]
[EventRounds "9"]
[EventCountry "ESP"]
[SourceTitle "Ajedrez en Madrid"]
[Source "lmi"]
[SourceDate "2007.08.02"]
[SourceVersion "1"]
[SourceVersionDate "2018.07.18"]
[SourceQuality "1"]

1. e4 c5 2. Nf3 d6 3. d4 cxd4 4. Nxd4 Nf6 5. Nc3 g6 6. Be3 Bg7 7. f3 O-O 8. Qd2
Nc6 9. Bc4 Bd7 10. O-O-O Qa5 11. g4 Rfc8 12. Bb3 Ne5 13. h4 Nc4 14. Bxc4 Rxc4
15. h5 Rac8 16. Nb3 Qa6 17. hxg6 Rxc3 18. gxf7+ Kf8 19. bxc3 Bxg4 20. Rdg1 Bh5
21. Qg2 Bg6 22. Rxh7 Rxc3 23. Rxg7 Bxf7 24. Rxf7+ Kxf7 25. Qg6+ Ke6 26. Qf5+
Kf7 27. Bd4 Qa3+ 28. Kb1 Rxc2 29. Kxc2 Qxa2+ 30. Bb2 1-0

[Event "33. Open Ciutat de Badalona 2007"]
[Site "Badalona ESP"]
[Date "2007.08.04"]
[Round "3.9"]
[White "Gonzalez, Renier"]
[Black "Gutierrez Clares, Joaquim"]
[Result "1-0"]
[WhiteElo "2456"]
[BlackElo "2272"]
[PlyCount "104"]
[EventDate "2007.08.02"]
[EventType "swiss"]
[EventRounds "9"]
[EventCountry "ESP"]
[SourceTitle "Ajedrez en Madrid"]
[Source "lmi"]
[SourceDate "2007.08.02"]
[SourceVersion "1"]
[SourceVersionDate "2018.07.18"]
[SourceQuality "1"]

1. e4 c5 2. Nf3 e6 3. d3 Nc6 4. g3 Bd6 5. Bg2 Nge7 6. Be3 O-O 7. Nbd2 b6 8. O-O
Bc7 9. d4 cxd4 10. Nxd4 Nxd4 11. Bxd4 Bb7 12. c4 Nc6 13. Bc3 Be5 14. Bxe5 Nxe5
15. f4 Ng6 16. Rf2 f6 17. Rc1 Qe7 18. h4 Rfd8 19. h5 Nh8 20. Nb3 Nf7 21. c5
Rac8 22. cxb6 axb6 23. Rxc8 Rxc8 24. Qd4 Qd6 25. Rd2 Rc6 26. Qa4 Qc7 27. e5
fxe5 28. Bxc6 Bxc6 29. Qb4 Qd8 30. Rf2 h6 31. Nd2 Qf6 32. Qxb6 Qf5 33. Nf1 exf4
34. Qb8+ Kh7 35. Qxf4 Qd5 36. Rd2 Qh1+ 37. Kf2 Ng5 38. Ke3 Nh3 39. Qc4 Qg1+ 40.
Ke2 Qg2+ 41. Kd1 Qf3+ 42. Kc1 Qxh5 43. a4 Ng5 44. b4 Ne4 45. Rxd7 Qg5+ 46. Nd2
Bd5 47. Qd3 Qe5 48. Nxe4 Bxe4 49. Qd4 Qg5+ 50. Kb2 Bd5 51. Qc3 Qg4 52. b5 Qe2+
1-0

[Event "33. Open Ciutat de Badalona 2007"]
[Site "Badalona ESP"]
[Date "2007.08.05"]
[Round "4.2"]
[White "Gonzalez, Renier"]
[Black "Czakon, Jakub"]
[Result "1/2-1/2"]
[WhiteElo "2456"]
[BlackElo "2505"]
[PlyCount "31"]
[EventDate "2007.08.02"]
[EventType "swiss"]
[EventRounds "9"]
[EventCountry "ESP"]
[SourceTitle "Ajedrez en Madrid"]
[Source "lmi"]
[SourceDate "2007.08.02"]
[SourceVersion "1"]
[SourceVersionDate "2018.07.18"]
[SourceQuality "1"]

1. e4 c5 2. Nc3 d6 3. Nf3 Nf6 4. d3 Nc6 5. g3 g6 6. Bg2 Bg7 7. h3 Rb8 8. a4 a6
9. O-O O-O 10. Be3 e5 11. Ne2 b5 12. axb5 axb5 13. Qd2 Nd4 14. Nfxd4 cxd4 15.
Bh6 b4 16. Bxg7 1/2-1/2

[Event "33. Open Ciutat de Badalona 2007"]
[Site "Badalona ESP"]
[Date "2007.08.05"]
[Round "4.3"]
[White "Perez Mitjans, Orelvis"]
[Black "Schneider, Dmitry"]
[Result "1/2-1/2"]
[WhiteElo "2412"]
[BlackElo "2488"]
[PlyCount "116"]
[EventDate "2007.08.02"]
[EventType "swiss"]
[EventRounds "9"]
[EventCountry "ESP"]
[SourceTitle "Ajedrez en Madrid"]
[Source "lmi"]
[SourceDate "2007.08.02"]
[SourceVersion "1"]
[SourceVersionDate "2018.07.18"]
[SourceQuality "1"]

1. e4 e5 2. Nc3 Nf6 3. f4 d5 4. fxe5 Nxe4 5. Qf3 Nxc3 6. dxc3 Be6 7. Bf4 Nd7 8.
O-O-O Be7 9. Kb1 c5 10. Qg3 g5 11. Bd2 Qc7 12. Nf3 h6 13. h4 g4 14. Nh2 h5 15.
Bf4 O-O-O 16. Be2 Qa5 17. Nf1 c4 18. Be3 Nc5 19. Bd4 Rd7 20. Qe3 Rc7 21. Ng3
Rc6 22. b4 Qb5 23. Kc1 Bf8 24. Qf2 Bh6+ 25. Be3 Bxe3+ 26. Qxe3 Nd7 27. Rhf1 Ra6
28. Nf5 Bxf5 29. Rxf5 Rxa2 30. Rxf7 Qa4 31. Kd2 d4 32. cxd4 Rxc2+ 33. Ke1 Qxb4+
34. Kf1 Rf8 35. Rxf8+ Qxf8+ 36. Kg1 Qe7 37. e6 Nf6 38. d5 Qd6 39. Kh1 Kc7 40.
Qd4 Ne8 41. Rf1 Kb8 42. Qh8 Rxe2 43. Qxe8+ Kc7 44. Qf7+ Kb6 45. Rb1+ Kc5 46.
Qxb7 Qg3 47. Qe7+ Kd4 48. Rd1+ Ke4 49. Rg1 c3 50. d6 c2 51. Qb7+ Kd4 52. Qxa7+
Kd5 53. Qb7+ Kd4 54. Qb6+ Kd5 55. Qb5+ Kd4 56. Qb6+ Kd5 57. Qb5+ Kd4 58. Qb6+
Kd5 1/2-1/2

[Event "33. Open Ciutat de Badalona 2007"]
[Site "Badalona ESP"]
[Date "2007.08.05"]
[Round "4.4"]
[White "Kiewra, Keaton F"]
[Black "Aroshidze, Levan"]
[Result "0-1"]
[WhiteElo "2314"]
[BlackElo "2470"]
[PlyCount "110"]
[EventDate "2007.08.02"]
[EventType "swiss"]
[EventRounds "9"]
[EventCountry "ESP"]
[SourceTitle "Ajedrez en Madrid"]
[Source "lmi"]
[SourceDate "2007.08.02"]
[SourceVersion "1"]
[SourceVersionDate "2018.07.18"]
[SourceQuality "1"]

1. e4 c5 2. Nf3 e6 3. Nc3 Nc6 4. d4 cxd4 5. Nxd4 Qc7 6. Be3 a6 7. Qd2 Nf6 8.
O-O-O Bb4 9. f3 Ne7 10. Kb1 Bxc3 11. Qxc3 Qxc3 12. bxc3 d5 13. e5 Nd7 14. f4 b6
15. Nb3 Bb7 16. Rg1 Rc8 17. Kb2 O-O 18. c4 Rfd8 19. cxd5 Nxd5 20. Bd2 Nc5 21.
Bd3 b5 22. g3 Ba8 23. Nxc5 Rxc5 24. Be4 Rdc8 25. Rge1 Nb6 26. Bd3 Nc4+ 27. Bxc4
Rxc4 28. c3 h5 29. Rc1 Rd8 30. Be3 Rd3 31. a3 Re4 32. Bg1 Rd2+ 33. Kb1 Ra4 34.
c4 Rxc4 35. Rxc4 bxc4 36. Bc5 Rxh2 37. Kc1 Kh7 38. Re3 Kg6 39. Bf8 Bd5 40. Kd1
Rb2 41. Ke1 Rb3 42. Kd2 Rxe3 43. Kxe3 Kf5 44. Bb4 g5 45. fxg5 Kxe5 46. Bd2 Kf5
47. Ke2 Be4 48. Kf2 Kg4 49. Bc1 c3 50. Be3 c2 51. Bc1 Bd5 52. Bd2 Kf5 53. a4
Ke4 54. Ke2 Bc4+ 55. Ke1 Kd3 0-1

[Event "33. Open Ciutat de Badalona 2007"]
[Site "Badalona ESP"]
[Date "2007.08.05"]
[Round "4.5"]
[White "Moskalenko, Viktor"]
[Black "Beltran Rueda, Santiago"]
[Result "1/2-1/2"]
[WhiteElo "2560"]
[BlackElo "2423"]
[PlyCount "27"]
[EventDate "2007.08.02"]
[EventType "swiss"]
[EventRounds "9"]
[EventCountry "ESP"]
[SourceTitle "Ajedrez en Madrid"]
[Source "lmi"]
[SourceDate "2007.08.02"]
[SourceVersion "1"]
[SourceVersionDate "2018.07.18"]
[SourceQuality "1"]

1. d4 d5 2. c4 c6 3. Nf3 Nf6 4. Nc3 dxc4 5. a4 Bf5 6. g3 Na6 7. Nh4 Be6 8. Bg2
g6 9. O-O Bg7 10. Nf3 O-O 11. a5 Qc8 12. Ng5 Bd7 13. e4 h6 14. Nf3 1/2-1/2

[Event "33. Open Ciutat de Badalona 2007"]
[Site "Badalona ESP"]
[Date "2007.08.05"]
[Round "4.6"]
[White "Hernandez Onna, Roman"]
[Black "Narciso Dublan, Marc"]
[Result "1/2-1/2"]
[WhiteElo "2366"]
[BlackElo "2552"]
[PlyCount "51"]
[EventDate "2007.08.02"]
[EventType "swiss"]
[EventRounds "9"]
[EventCountry "ESP"]
[SourceTitle "Ajedrez en Madrid"]
[Source "lmi"]
[SourceDate "2007.08.02"]
[SourceVersion "1"]
[SourceVersionDate "2018.07.18"]
[SourceQuality "1"]

1. c4 e6 2. Nf3 Nf6 3. d4 b6 4. Nc3 Bb4 5. e3 O-O 6. Bd3 Bb7 7. O-O d5 8. cxd5
exd5 9. a3 Bd6 10. b4 a6 11. Qb3 Qe7 12. Rb1 Nbd7 13. a4 c6 14. a5 bxa5 15.
bxa5 Rab8 16. Na4 Ne4 17. Qc2 Ndf6 18. Bb2 Bb4 19. Nc5 Nxc5 20. dxc5 Bxa5 21.
Bxf6 Qxf6 22. Bxh7+ Kh8 23. Bd3 Bc7 24. Rb4 g6 25. Rfb1 Ba8 26. Bxa6 1/2-1/2

[Event "33. Open Ciutat de Badalona 2007"]
[Site "Badalona ESP"]
[Date "2007.08.05"]
[Round "4.8"]
[White "Babaev, Rashad"]
[Black "Schneider, Igor"]
[Result "1/2-1/2"]
[WhiteElo "2488"]
[BlackElo "2332"]
[PlyCount "35"]
[EventDate "2007.08.02"]
[EventType "swiss"]
[EventRounds "9"]
[EventCountry "ESP"]
[SourceTitle "Ajedrez en Madrid"]
[Source "lmi"]
[SourceDate "2007.08.02"]
[SourceVersion "1"]
[SourceVersionDate "2018.07.18"]
[SourceQuality "1"]

1. e4 e6 2. d4 d5 3. Nd2 a6 4. Ngf3 c5 5. exd5 exd5 6. Be2 c4 7. O-O Bd6 8. b3
cxb3 9. axb3 Ne7 10. Bd3 O-O 11. c3 Bf5 12. Qc2 Bxd3 13. Qxd3 Nbc6 14. Ba3 Bxa3
15. Rxa3 Qd6 16. b4 Qg6 17. Qe2 Qd6 18. Rc1 1/2-1/2

[Event "33. Open Ciutat de Badalona 2007"]
[Site "Badalona ESP"]
[Date "2007.08.05"]
[Round "4.9"]
[White "Gonzalez Vidal, Yuri"]
[Black "Bijaoui, Manuel"]
[Result "1/2-1/2"]
[WhiteElo "2475"]
[BlackElo "2357"]
[PlyCount "80"]
[EventDate "2007.08.02"]
[EventType "swiss"]
[EventRounds "9"]
[EventCountry "ESP"]
[SourceTitle "Ajedrez en Madrid"]
[Source "lmi"]
[SourceDate "2007.08.02"]
[SourceVersion "1"]
[SourceVersionDate "2018.07.18"]
[SourceQuality "1"]

1. e4 c5 2. Nf3 d6 3. d4 cxd4 4. Nxd4 Nf6 5. Nc3 a6 6. Be2 e5 7. Nb3 Be7 8. O-O
Be6 9. f4 Qc7 10. g4 exf4 11. g5 Nfd7 12. Bxf4 Nc6 13. Bg4 Nde5 14. Nd5 Bxd5
15. exd5 Nxg4 16. dxc6 Ne5 17. cxb7 Qxb7 18. Qe2 O-O 19. Rad1 Rfe8 20. Qg2 Qc7
21. Nd4 Rac8 22. Kh1 Qa5 23. Nf5 Bf8 24. Rd5 Qxa2 25. Nh6+ gxh6 26. Rxe5 h5 27.
Rf5 Qc4 28. c3 Re2 29. Qf3 Rxb2 30. Bc1 Rb5 31. Rxf7 Qd5 32. Qxd5 Rxd5 33. Ra7
Ra5 34. Be3 Bg7 35. Rff7 Ra1+ 36. Kg2 Ra2+ 37. Kf3 Rf8 38. Rxf8+ Kxf8 39. Bd4
Bxd4 40. cxd4 Rxh2 1/2-1/2

[Event "33. Open Ciutat de Badalona 2007"]
[Site "Badalona ESP"]
[Date "2007.08.05"]
[Round "4.10"]
[White "Djingarova, Emilia"]
[Black "Munoz Pantoja, Miguel"]
[Result "0-1"]
[WhiteElo "2266"]
[BlackElo "2452"]
[PlyCount "98"]
[EventDate "2007.08.02"]
[EventType "swiss"]
[EventRounds "9"]
[EventCountry "ESP"]
[SourceTitle "Ajedrez en Madrid"]
[Source "lmi"]
[SourceDate "2007.08.02"]
[SourceVersion "1"]
[SourceVersionDate "2018.07.18"]
[SourceQuality "1"]

1. Nf3 g6 2. c4 Bg7 3. Nc3 c5 4. d4 Nf6 5. e4 O-O 6. Be2 Nc6 7. d5 Na5 8. e5
Ne8 9. d6 exd6 10. exd6 b6 11. Bg5 Nf6 12. O-O Bb7 13. Rc1 h6 14. Bh4 Re8 15.
a3 g5 16. Bg3 Ne4 17. Nxe4 Bxe4 18. b4 Nc6 19. Nd2 Bg6 20. Bf3 Bb2 21. Rb1 Bxa3
22. b5 Nd4 23. Bxa8 Qxa8 24. Nb3 Ne2+ 25. Kh1 Nc3 26. Qg4 Nxb1 27. Qxd7 Nc3 28.
f3 Ne2 29. Bf2 Bb2 30. Qc6 Qd8 31. Nxc5 bxc5 32. Bxc5 Bf5 33. Bxa7 Nd4 34. Bxd4
Bxd4 35. Qd5 Qb6 36. Qxf5 Qxd6 37. f4 Qe6 38. Qxe6 Rxe6 39. fxg5 hxg5 40. Rc1
Kf8 41. h3 Re5 42. Kh2 Ke7 43. h4 g4 44. Kg3 f5 45. h5 Re3+ 46. Kh2 Kd6 47. Rf1
f4 48. Rd1 Kc5 49. b6 Rb3 0-1